Disney Surnames Quiz Stats

 Plays Quiz not verified by Sporcle

Challenge
Share
Tweet
Embed
Score 0/25 Timer 10:00
0 Plays Today
Given Name Surname % Correct
MulanFa
92.1%
CruellaDe Vil
85.1%
Wendy, John, and MichaelDarling
84.2%
JiminyCricket
80.2%
JohnSmith
78.2%
ClaudeFrollo
71.3%
ThomasO'Malley
70.3%
Archimedes and JanePorter
67.3%
ShangLi
63.4%
Horatio Thelonious Ignacious Crustaceous Sebastian
62.4%
AmosSlade
59.4%
MiloThatch
55.4%
Jim and SarahHawkins
54.5%
Given Name Surname % Correct
CobraBubbles
53.5%
PercivalMcLeach
49.5%
OliviaFlaversham
40.6%
Anita and RogerRadcliff
39.6%
DavidDawson
33.7%
Horace and JasperBadun
32.7%
JumbaJookiba
27.7%
JoseCarioca
26.7%
JennyFoxworth
26.7%
Madame AdelaideBonfamille
24.8%
DelbertDoppler
24.8%
Nani and LiloPelekai
19.8%

You're not logged in!

Compare scores with friends on all Sporcle quizzes.
OR
Log In

You Might Also Like...

Show Comments

Extras

Created Jan 3, 2012ReportNominate
Tags:Disney Quiz, Disney Films, name

Top Quizzes Today


Score Distribution

Your Account Isn't Verified!

In order to create a playlist on Sporcle, you need to verify the email address you used during registration. Go to your Sporcle Settings to finish the process.

Report this User

Report this user for behavior that violates our Community Guidelines.

Details: